ARRUPE JESUIT UNIVERSITY

CORONAVIRUS -STOP THE SPREAD - CLEAN,DISINFECT,COVER

The God shift : (Record no. 126026)

MARC details
000 -LEADER
fixed length control field 00953cam a2200289 a 4500
001 - CONTROL NUMBER
control field 13830165
003 - CONTROL NUMBER IDENTIFIER
control field ARRUPE
005 - DATE AND TIME OF LATEST TRANSACTION
control field 20170207140936.0
008 - FIXED-LENGTH DATA ELEMENTS--GENERAL INFORMATION
fixed length control field 041115s2004 ie a b 000 0 eng d
010 ## - LIBRARY OF CONGRESS CONTROL NUMBER
LC control number 2004281122
020 ## - INTERNATIONAL STANDARD BOOK NUMBER
International Standard Book Number 1904148476
035 ## - SYSTEM CONTROL NUMBER
System control number (OCoLC)ocm56969642
040 ## - CATALOGING SOURCE
Original cataloging agency VYF
Transcribing agency VYF
Modifying agency UKM
-- DLC
050 00 - LIBRARY OF CONGRESS CALL NUMBER
Classification number BT103
Item number .S58 2004
300 ## - PHYSICAL DESCRIPTION
Other physical details ill. ;
Dimensions 23 cm.
100 1# - MAIN ENTRY--PERSONAL NAME
Personal name Smith, Adrian B.
9 (RLIN) 8628
245 14 - TITLE STATEMENT
Title The God shift :
Remainder of title our changing perception of the ultimate mystery /
Statement of responsibility, etc Adrian B. Smith.
250 ## - EDITION STATEMENT
Edition statement Rev. ed.
260 ## - PUBLICATION, DISTRIBUTION, ETC. (IMPRINT)
Place of publication, distribution, etc Dublin, Ireland :
Name of publisher, distributor, etc Liffey Press,
Date of publication, distribution, etc c2004.
300 ## - PHYSICAL DESCRIPTION
Extent x, 258 p. :
504 ## - BIBLIOGRAPHY, ETC. NOTE
Bibliography, etc Includes bibliographical references.
650 #0 - SUBJECT ADDED ENTRY--TOPICAL TERM
Topical term or geographic name as entry element God (Christianity)
9 (RLIN) 28519
650 #0 - SUBJECT ADDED ENTRY--TOPICAL TERM
Topical term or geographic name as entry element God (Christianity)
General subdivision Knowableness.
9 (RLIN) 28520
650 #0 - SUBJECT ADDED ENTRY--TOPICAL TERM
Topical term or geographic name as entry element Spirituality.
9 (RLIN) 28521
906 ## - LOCAL DATA ELEMENT F, LDF (RLIN)
a 7
b cbc
c copycat
d 2
e ncip
f 20
g y-gencatlg
942 ## - ADDED ENTRY ELEMENTS (KOHA)
Source of classification or shelving scheme Library of Congress Classification
Koha item type Monograph ( Printed materials)
Holdings
Withdrawn status Lost status Source of classification or shelving scheme Damaged status Not for loan Collection code Home library Current library Shelving location Date acquired Total Checkouts Full call number Barcode Date last seen Date checked out Price effective from Koha item type
    Library of Congress Classification     Main Collection ARRUPE LIBRARY ARRUPE LIBRARY Main Collection 07/02/2017 1 BT103 .S58 2004 46500023999 31/05/2017 27/03/2017 07/02/2017 Monograph ( Printed materials)

 

Arrupe Library. PO Box MP320 Mt Pleasant, Harare, Zimbabwe
263 242 745411|librarian@aju.ac.zw